<?xml version="1.0" encoding="UTF-8"?>
<record
    xmlns:xsi="http://www.w3.org/2001/XMLSchema-instance"
    xsi:schemaLocation="http://www.loc.gov/MARC21/slim http://www.loc.gov/standards/marcxml/schema/MARC21slim.xsd"
    xmlns="http://www.loc.gov/MARC21/slim">

  <leader>00498nam a2200169   4500</leader>
  <controlfield tag="005">20260113164543.0</controlfield>
  <controlfield tag="008">260113b        |||||||| |||| 00| 0 eng d</controlfield>
  <datafield tag="020" ind1=" " ind2=" ">
    <subfield code="a">9781572246959</subfield>
  </datafield>
  <datafield tag="041" ind1=" " ind2=" ">
    <subfield code="a">English</subfield>
  </datafield>
  <datafield tag="082" ind1=" " ind2=" ">
    <subfield code="a">X 612.8 HAN</subfield>
    <subfield code="b">B12167</subfield>
  </datafield>
  <datafield tag="100" ind1=" " ind2=" ">
    <subfield code="a">Hanson, Rick</subfield>
    <subfield code="9">216338</subfield>
  </datafield>
  <datafield tag="245" ind1=" " ind2=" ">
    <subfield code="a">Buddha's Brain</subfield>
    <subfield code="b">: The practical neuroscience of happiness, love and wisdom</subfield>
  </datafield>
  <datafield tag="260" ind1=" " ind2=" ">
    <subfield code="a">Oakland</subfield>
    <subfield code="b">New Harbinger Publication Inc</subfield>
    <subfield code="c">2009</subfield>
  </datafield>
  <datafield tag="300" ind1=" " ind2=" ">
    <subfield code="a">x,251p</subfield>
    <subfield code="b">pb</subfield>
  </datafield>
  <datafield tag="365" ind1=" " ind2=" ">
    <subfield code="a">Rupaye</subfield>
    <subfield code="b">1576</subfield>
    <subfield code="c">INR</subfield>
  </datafield>
  <datafield tag="942" ind1=" " ind2=" ">
    <subfield code="c">BK</subfield>
  </datafield>
  <datafield tag="999" ind1=" " ind2=" ">
    <subfield code="c">369876</subfield>
    <subfield code="d">369876</subfield>
  </datafield>
  <datafield tag="952" ind1=" " ind2=" ">
    <subfield code="0">0</subfield>
    <subfield code="1">0</subfield>
    <subfield code="2">ddc</subfield>
    <subfield code="4">0</subfield>
    <subfield code="7">0</subfield>
    <subfield code="8">NFIC</subfield>
    <subfield code="a">BTIN</subfield>
    <subfield code="b">BTIN</subfield>
    <subfield code="d">2025-12-30</subfield>
    <subfield code="e">Amazon(online) 171-8358551-1304361</subfield>
    <subfield code="g">1576.00</subfield>
    <subfield code="i">TTPD-12355</subfield>
    <subfield code="l">1</subfield>
    <subfield code="o">X 612.8 HAN B12167</subfield>
    <subfield code="p">BTIN-BK-12167</subfield>
    <subfield code="r">2026-02-02 04:53:50</subfield>
    <subfield code="s">2026-01-23</subfield>
    <subfield code="v">1576.00</subfield>
    <subfield code="w">2025-12-18</subfield>
    <subfield code="y">BK</subfield>
    <subfield code="z">BTIN-BK-12167</subfield>
  </datafield>
</record>
